00449nam a2200181 a 4500001001300000003000900013005001700022008004100039020002300080082001500103100001900118245002000137260003400157300001000191500003500201650001200236700001900248nice12345678IN_TiNIC20260116014942.0130523s2002 newa grp 000 0 eng  a0553260111 c20000a808.3bLUD aLudlum, Robert aBourne Identity aNew YorkbBantam Books c2002 a535p  aincludes index and biblioraphy aFiction1 aLudlum, Robert